<?xml version="1.0" encoding="UTF-8"?>
<record
    xmlns:xsi="http://www.w3.org/2001/XMLSchema-instance"
    xsi:schemaLocation="http://www.loc.gov/MARC21/slim http://www.loc.gov/standards/marcxml/schema/MARC21slim.xsd"
    xmlns="http://www.loc.gov/MARC21/slim">

  <leader>04641nam a22006137a 4500</leader>
  <controlfield tag="005">20111201102259.0</controlfield>
  <datafield tag="010" ind1=" " ind2=" ">
    <subfield code="a">B-454749-763</subfield>
  </datafield>
  <datafield tag="020" ind1=" " ind2=" ">
    <subfield code="a">9780716657613 (set)</subfield>
  </datafield>
  <datafield tag="020" ind1=" " ind2=" ">
    <subfield code="a">9780716657620 (v.1)</subfield>
  </datafield>
  <datafield tag="020" ind1=" " ind2=" ">
    <subfield code="a">9780716657637 (v.2)</subfield>
  </datafield>
  <datafield tag="020" ind1=" " ind2=" ">
    <subfield code="a">9780716657644 (v.3)</subfield>
  </datafield>
  <datafield tag="020" ind1=" " ind2=" ">
    <subfield code="a">9780716657651 (v.4)</subfield>
  </datafield>
  <datafield tag="020" ind1=" " ind2=" ">
    <subfield code="a">9780716657668 (v.5)</subfield>
  </datafield>
  <datafield tag="020" ind1=" " ind2=" ">
    <subfield code="a">9780716657675 (v.6)</subfield>
  </datafield>
  <datafield tag="020" ind1=" " ind2=" ">
    <subfield code="a">9780716657682 (v.7)</subfield>
  </datafield>
  <datafield tag="020" ind1=" " ind2=" ">
    <subfield code="a">9780716657699 (v.8)</subfield>
  </datafield>
  <datafield tag="020" ind1=" " ind2=" ">
    <subfield code="a">9780716657705 (v.9)</subfield>
  </datafield>
  <datafield tag="020" ind1=" " ind2=" ">
    <subfield code="a">9780716657712 (v.10)</subfield>
  </datafield>
  <datafield tag="020" ind1=" " ind2=" ">
    <subfield code="a">9780716657729(v.11)</subfield>
  </datafield>
  <datafield tag="020" ind1=" " ind2=" ">
    <subfield code="a">9780716657736 (v.12)</subfield>
  </datafield>
  <datafield tag="020" ind1=" " ind2=" ">
    <subfield code="a">9780716657743 (v.13)</subfield>
  </datafield>
  <datafield tag="020" ind1=" " ind2=" ">
    <subfield code="a">9780716657750 (v.14)</subfield>
  </datafield>
  <datafield tag="020" ind1=" " ind2=" ">
    <subfield code="a">9780716657767 (v.15)</subfield>
  </datafield>
  <datafield tag="035" ind1=" " ind2=" ">
    <subfield code="a">B-454749-763</subfield>
  </datafield>
  <datafield tag="037" ind1=" " ind2=" ">
    <subfield code="a">Blue Berry/Ven</subfield>
    <subfield code="b">DPL</subfield>
  </datafield>
  <datafield tag="082" ind1=" " ind2=" ">
    <subfield code="a">030</subfield>
  </datafield>
  <datafield tag="245" ind1="0" ind2="0">
    <subfield code="a">Childcraft :</subfield>
    <subfield code="b">the how and why library.</subfield>
  </datafield>
  <datafield tag="246" ind1="1" ind2="4">
    <subfield code="a">World Book's childcraft</subfield>
  </datafield>
  <datafield tag="260" ind1=" " ind2=" ">
    <subfield code="a">Chicago :</subfield>
    <subfield code="b">World Book,</subfield>
    <subfield code="c">2009</subfield>
  </datafield>
  <datafield tag="270" ind1=" " ind2=" ">
    <subfield code="a">233 N.Michigan Avenue</subfield>
    <subfield code="b">Chicago</subfield>
    <subfield code="e">IL60601 U.S.A.</subfield>
  </datafield>
  <datafield tag="300" ind1=" " ind2=" ">
    <subfield code="a">15 v. :</subfield>
    <subfield code="b">col. ill. ;</subfield>
    <subfield code="c">26 cm. +</subfield>
    <subfield code="e">2 handbooks</subfield>
  </datafield>
  <datafield tag="500" ind1=" " ind2=" ">
    <subfield code="a">Accompanied by Welcome to Childcraft (32 p.) and Fun with Childcraft (32 p.).</subfield>
  </datafield>
  <datafield tag="500" ind1=" " ind2=" ">
    <subfield code="a">Includes index.</subfield>
  </datafield>
  <datafield tag="505" ind1="0" ind2=" ">
    <subfield code="a">v. 1. Poems and rhymes -- v. 2. Once upon a time -- v. 3. Art around us -- v. 4. The world of animals -- v. 5. The world of plants -- v. 6. Our earth -- v. 7. The universe -- v. 8. How does it happen? -- v. 9. How things work -- v. 10. Shapes and numbers -- v. 11. About you -- v. 12. Who we are -- v. 13. See the world -- v. 14. Celebrate! -- v. 15. Guide and index.</subfield>
  </datafield>
  <datafield tag="650" ind1=" " ind2="0">
    <subfield code="a">Children's encyclopedias and dictionaries.</subfield>
    <subfield code="9">45818</subfield>
  </datafield>
  <datafield tag="710" ind1="2" ind2=" ">
    <subfield code="a">World Book, Inc.</subfield>
    <subfield code="9">36359</subfield>
  </datafield>
  <datafield tag="942" ind1=" " ind2=" ">
    <subfield code="2">ddc</subfield>
    <subfield code="c">EN</subfield>
    <subfield code="h">030</subfield>
    <subfield code="m">CHI</subfield>
  </datafield>
  <datafield tag="999" ind1=" " ind2=" ">
    <subfield code="c">58865</subfield>
    <subfield code="d">58865</subfield>
  </datafield>
  <datafield tag="952" ind1=" " ind2=" ">
    <subfield code="0">0</subfield>
    <subfield code="1">0</subfield>
    <subfield code="3">V.1</subfield>
    <subfield code="4">0</subfield>
    <subfield code="7">2</subfield>
    <subfield code="8">FIC</subfield>
    <subfield code="a">ZLS</subfield>
    <subfield code="b">ZLS</subfield>
    <subfield code="d">2012-04-17</subfield>
    <subfield code="e">Blue Berry/7182/31.10.2011/83/21.03.2011/30.11.2011</subfield>
    <subfield code="g">19125.00</subfield>
    <subfield code="l">0</subfield>
    <subfield code="o">030 CHI</subfield>
    <subfield code="p">B-454749</subfield>
    <subfield code="r">2012-04-17 00:00:00</subfield>
    <subfield code="t">1 </subfield>
    <subfield code="v">19125.00</subfield>
    <subfield code="y">EN</subfield>
  </datafield>
  <datafield tag="952" ind1=" " ind2=" ">
    <subfield code="0">0</subfield>
    <subfield code="1">0</subfield>
    <subfield code="3">V.2</subfield>
    <subfield code="4">0</subfield>
    <subfield code="7">1</subfield>
    <subfield code="8">REF</subfield>
    <subfield code="a">ZLS</subfield>
    <subfield code="b">ZLS</subfield>
    <subfield code="d">2012-04-17</subfield>
    <subfield code="e">Blue Berry/7182/31.10.2011/83/21.03.2011/30.11.2011</subfield>
    <subfield code="g">19125.00</subfield>
    <subfield code="l">0</subfield>
    <subfield code="o">030 CHI</subfield>
    <subfield code="p">B-454750</subfield>
    <subfield code="r">2012-04-17 00:00:00</subfield>
    <subfield code="t">1 </subfield>
    <subfield code="v">19125.00</subfield>
    <subfield code="y">EN</subfield>
  </datafield>
  <datafield tag="952" ind1=" " ind2=" ">
    <subfield code="0">0</subfield>
    <subfield code="1">0</subfield>
    <subfield code="3">V.3</subfield>
    <subfield code="4">0</subfield>
    <subfield code="7">1</subfield>
    <subfield code="8">REF</subfield>
    <subfield code="a">ZLS</subfield>
    <subfield code="b">ZLS</subfield>
    <subfield code="d">2012-04-17</subfield>
    <subfield code="e">Blue Berry/7182/31.10.2011/83/21.03.2011/30.11.2011</subfield>
    <subfield code="g">19125.00</subfield>
    <subfield code="l">0</subfield>
    <subfield code="o">030 CHI</subfield>
    <subfield code="p">B-454751</subfield>
    <subfield code="r">2012-04-17 00:00:00</subfield>
    <subfield code="t">1 </subfield>
    <subfield code="v">19125.00</subfield>
    <subfield code="y">EN</subfield>
  </datafield>
  <datafield tag="952" ind1=" " ind2=" ">
    <subfield code="0">0</subfield>
    <subfield code="1">0</subfield>
    <subfield code="3">V.4</subfield>
    <subfield code="4">0</subfield>
    <subfield code="7">-1</subfield>
    <subfield code="8">NFIC</subfield>
    <subfield code="a">ZLS</subfield>
    <subfield code="b">ZLS</subfield>
    <subfield code="d">2012-04-17</subfield>
    <subfield code="e">Blue Berry/7182/31.10.2011/83/21.03.2011/30.11.2011</subfield>
    <subfield code="g">19125.00</subfield>
    <subfield code="l">0</subfield>
    <subfield code="o">030 CHI</subfield>
    <subfield code="p">B-454752</subfield>
    <subfield code="r">2012-04-17 00:00:00</subfield>
    <subfield code="t">1 </subfield>
    <subfield code="v">19125.00</subfield>
    <subfield code="y">EN</subfield>
  </datafield>
  <datafield tag="952" ind1=" " ind2=" ">
    <subfield code="0">0</subfield>
    <subfield code="1">0</subfield>
    <subfield code="3">V.5</subfield>
    <subfield code="4">0</subfield>
    <subfield code="7">1</subfield>
    <subfield code="8">REF</subfield>
    <subfield code="a">ZLS</subfield>
    <subfield code="b">ZLS</subfield>
    <subfield code="d">2012-04-17</subfield>
    <subfield code="e">Blue Berry/7182/31.10.2011/83/21.03.2011/30.11.2011</subfield>
    <subfield code="g">19125.00</subfield>
    <subfield code="l">0</subfield>
    <subfield code="o">030 CHI</subfield>
    <subfield code="p">B-454753</subfield>
    <subfield code="r">2012-04-17 00:00:00</subfield>
    <subfield code="t">1 </subfield>
    <subfield code="v">19125.00</subfield>
    <subfield code="y">EN</subfield>
  </datafield>
  <datafield tag="952" ind1=" " ind2=" ">
    <subfield code="0">0</subfield>
    <subfield code="1">0</subfield>
    <subfield code="3">V.6</subfield>
    <subfield code="4">0</subfield>
    <subfield code="7">0</subfield>
    <subfield code="8">NFIC</subfield>
    <subfield code="a">ZLS</subfield>
    <subfield code="b">ZLS</subfield>
    <subfield code="d">2012-04-17</subfield>
    <subfield code="e">Blue Berry/7182/31.10.2011/83/21.03.2011/30.11.2011</subfield>
    <subfield code="g">19125.00</subfield>
    <subfield code="l">6</subfield>
    <subfield code="m">4</subfield>
    <subfield code="o">030 CHI</subfield>
    <subfield code="p">B-454754</subfield>
    <subfield code="r">2024-10-22 00:00:00</subfield>
    <subfield code="s">2024-09-11</subfield>
    <subfield code="t">1 </subfield>
    <subfield code="v">19125.00</subfield>
    <subfield code="y">EN</subfield>
  </datafield>
  <datafield tag="952" ind1=" " ind2=" ">
    <subfield code="0">0</subfield>
    <subfield code="1">0</subfield>
    <subfield code="3">V.7</subfield>
    <subfield code="4">0</subfield>
    <subfield code="7">0</subfield>
    <subfield code="8">NFIC</subfield>
    <subfield code="a">ZLS</subfield>
    <subfield code="b">ZLS</subfield>
    <subfield code="d">2012-04-17</subfield>
    <subfield code="e">Blue Berry/7182/31.10.2011/83/21.03.2011/30.11.2011</subfield>
    <subfield code="g">19125.00</subfield>
    <subfield code="l">1</subfield>
    <subfield code="o">030 CHI</subfield>
    <subfield code="p">B-454755</subfield>
    <subfield code="r">2026-04-16 15:30:53</subfield>
    <subfield code="s">2026-04-01</subfield>
    <subfield code="t">1 </subfield>
    <subfield code="v">19125.00</subfield>
    <subfield code="y">EN</subfield>
  </datafield>
  <datafield tag="952" ind1=" " ind2=" ">
    <subfield code="0">0</subfield>
    <subfield code="1">0</subfield>
    <subfield code="3">V.8</subfield>
    <subfield code="4">0</subfield>
    <subfield code="7">1</subfield>
    <subfield code="8">REF</subfield>
    <subfield code="a">ZLS</subfield>
    <subfield code="b">ZLS</subfield>
    <subfield code="d">2012-04-17</subfield>
    <subfield code="e">Blue Berry/7182/31.10.2011/83/21.03.2011/30.11.2011</subfield>
    <subfield code="g">19125.00</subfield>
    <subfield code="l">0</subfield>
    <subfield code="o">030 CHI</subfield>
    <subfield code="p">B-454756</subfield>
    <subfield code="r">2012-04-17 00:00:00</subfield>
    <subfield code="t">1 </subfield>
    <subfield code="v">19125.00</subfield>
    <subfield code="y">EN</subfield>
  </datafield>
  <datafield tag="952" ind1=" " ind2=" ">
    <subfield code="0">0</subfield>
    <subfield code="1">0</subfield>
    <subfield code="3">V.9</subfield>
    <subfield code="4">0</subfield>
    <subfield code="7">1</subfield>
    <subfield code="8">REF</subfield>
    <subfield code="a">ZLS</subfield>
    <subfield code="b">ZLS</subfield>
    <subfield code="d">2012-04-17</subfield>
    <subfield code="e">Blue Berry/7182/31.10.2011/83/21.03.2011/30.11.2011</subfield>
    <subfield code="g">19125.00</subfield>
    <subfield code="l">0</subfield>
    <subfield code="o">030 CHI</subfield>
    <subfield code="p">B-454757</subfield>
    <subfield code="r">2012-04-17 00:00:00</subfield>
    <subfield code="t">1 </subfield>
    <subfield code="v">19125.00</subfield>
    <subfield code="y">EN</subfield>
  </datafield>
  <datafield tag="952" ind1=" " ind2=" ">
    <subfield code="0">0</subfield>
    <subfield code="1">0</subfield>
    <subfield code="3">V.10</subfield>
    <subfield code="4">0</subfield>
    <subfield code="7">0</subfield>
    <subfield code="8">NFIC</subfield>
    <subfield code="a">ZLS</subfield>
    <subfield code="b">ZLS</subfield>
    <subfield code="d">2012-04-17</subfield>
    <subfield code="e">Blue Berry/7182/31.10.2011/83/21.03.2011/30.11.2011</subfield>
    <subfield code="g">19125.00</subfield>
    <subfield code="l">3</subfield>
    <subfield code="m">3</subfield>
    <subfield code="o">030 CHI</subfield>
    <subfield code="p">B-454758</subfield>
    <subfield code="r">2024-06-01 00:00:00</subfield>
    <subfield code="s">2024-05-18</subfield>
    <subfield code="t">1 </subfield>
    <subfield code="v">19125.00</subfield>
    <subfield code="y">EN</subfield>
  </datafield>
  <datafield tag="952" ind1=" " ind2=" ">
    <subfield code="0">0</subfield>
    <subfield code="1">0</subfield>
    <subfield code="3">V.11</subfield>
    <subfield code="4">0</subfield>
    <subfield code="7">0</subfield>
    <subfield code="8">NFIC</subfield>
    <subfield code="a">ZLS</subfield>
    <subfield code="b">ZLS</subfield>
    <subfield code="d">2012-04-17</subfield>
    <subfield code="e">Blue Berry/7182/31.10.2011/83/21.03.2011/30.11.2011</subfield>
    <subfield code="g">19125.00</subfield>
    <subfield code="l">4</subfield>
    <subfield code="m">2</subfield>
    <subfield code="o">030 CHI</subfield>
    <subfield code="p">B-454759</subfield>
    <subfield code="r">2025-01-25 00:00:00</subfield>
    <subfield code="s">2025-01-04</subfield>
    <subfield code="t">1 </subfield>
    <subfield code="v">19125.00</subfield>
    <subfield code="y">EN</subfield>
  </datafield>
  <datafield tag="952" ind1=" " ind2=" ">
    <subfield code="0">0</subfield>
    <subfield code="1">0</subfield>
    <subfield code="3">V.12</subfield>
    <subfield code="4">0</subfield>
    <subfield code="7">1</subfield>
    <subfield code="8">REF</subfield>
    <subfield code="a">ZLS</subfield>
    <subfield code="b">ZLS</subfield>
    <subfield code="d">2012-04-17</subfield>
    <subfield code="e">Blue Berry/7182/31.10.2011/83/21.03.2011/30.11.2011</subfield>
    <subfield code="g">19125.00</subfield>
    <subfield code="l">0</subfield>
    <subfield code="o">030 CHI</subfield>
    <subfield code="p">B-454760</subfield>
    <subfield code="r">2012-04-17 00:00:00</subfield>
    <subfield code="t">1 </subfield>
    <subfield code="v">19125.00</subfield>
    <subfield code="y">EN</subfield>
  </datafield>
  <datafield tag="952" ind1=" " ind2=" ">
    <subfield code="0">0</subfield>
    <subfield code="1">0</subfield>
    <subfield code="3">V.13</subfield>
    <subfield code="4">0</subfield>
    <subfield code="7">1</subfield>
    <subfield code="8">REF</subfield>
    <subfield code="a">ZLS</subfield>
    <subfield code="b">ZLS</subfield>
    <subfield code="d">2012-04-17</subfield>
    <subfield code="e">Blue Berry/7182/31.10.2011/83/21.03.2011/30.11.2011</subfield>
    <subfield code="g">19125.00</subfield>
    <subfield code="l">0</subfield>
    <subfield code="o">030 CHI</subfield>
    <subfield code="p">B-454761</subfield>
    <subfield code="r">2012-04-17 00:00:00</subfield>
    <subfield code="t">1 </subfield>
    <subfield code="v">19125.00</subfield>
    <subfield code="y">EN</subfield>
  </datafield>
  <datafield tag="952" ind1=" " ind2=" ">
    <subfield code="0">0</subfield>
    <subfield code="1">0</subfield>
    <subfield code="3">V.14</subfield>
    <subfield code="4">0</subfield>
    <subfield code="7">1</subfield>
    <subfield code="8">REF</subfield>
    <subfield code="a">ZLS</subfield>
    <subfield code="b">ZLS</subfield>
    <subfield code="d">2012-04-17</subfield>
    <subfield code="e">Blue Berry/7182/31.10.2011/83/21.03.2011/30.11.2011</subfield>
    <subfield code="g">19125.00</subfield>
    <subfield code="l">0</subfield>
    <subfield code="o">030 CHI</subfield>
    <subfield code="p">B-454762</subfield>
    <subfield code="r">2012-04-17 00:00:00</subfield>
    <subfield code="t">1 </subfield>
    <subfield code="v">19125.00</subfield>
    <subfield code="y">EN</subfield>
  </datafield>
  <datafield tag="952" ind1=" " ind2=" ">
    <subfield code="0">0</subfield>
    <subfield code="1">0</subfield>
    <subfield code="3">V.15</subfield>
    <subfield code="4">0</subfield>
    <subfield code="7">1</subfield>
    <subfield code="8">REF</subfield>
    <subfield code="a">ZLS</subfield>
    <subfield code="b">ZLS</subfield>
    <subfield code="d">2012-04-17</subfield>
    <subfield code="e">Blue Berry/7182/31.10.2011/83/21.03.2011/30.11.2011</subfield>
    <subfield code="g">19125.00</subfield>
    <subfield code="l">0</subfield>
    <subfield code="o">030 CHI</subfield>
    <subfield code="p">B-454763</subfield>
    <subfield code="r">2012-04-17 00:00:00</subfield>
    <subfield code="t">1 </subfield>
    <subfield code="v">19125.00</subfield>
    <subfield code="y">EN</subfield>
  </datafield>
</record>
